000 01357nam a2200277Ia 4500
003 OSt
005 20200717163154.0
008 191128s2010 ck gr 000 0dspa d
020 _a9789583801600
040 _aCO-JMCR
_cCO-JMCR
041 0 _aspa
082 0 4 _a330.9861 /
_bM237e
_223
100 1 _aMeisel Roca, Adolfo,
_eeditor
_97353
245 1 0 _aEconomía colombiana del siglo XIX : /
_cEditado por Adolfo Meisel Roca; María Teresa Ramírez
260 _aBogotá :
_bFondo de Cultura Económica,
_c2010.
300 _a723 páginas :
_bcuadros, gráficos + CD ;
_c23 cm.
490 0 _aSelección de obras de economía
504 _aBibliografía: páginas 699-705.
505 0 _aPrecios y salarios urbanos en el siglo XIX / Urrutia, Miguel -- Las finanzas públicas en el siglo XIX / Jungito, Roberto -- El financiamiento externo de Colombia en el Siglo XIX, 1820-1920 / Avella Gómez, Mauricio
520 0 _aEl presente libro sobre la economía colombiana del siglo XXI hace parte del esfuerzo que de tiempo atrás viene realizando el Banco de la República para aumentar el conocimiento de la historia económica del país
650 1 4 _aEconomía colombiana.
_y siglo XIX
_97477
650 2 4 _aHistoria económica
_97478
650 2 4 _aCrecimiento económico
_93636
700 1 _aRamírez, María Teresa,
_eeditora
_97479
942 _2ddc
_cBK
999 _c4779
_d4779